00526cam a2200181u 45000010008000000030004000080050017000120080041000290100017000700400019000870500023001061000014001292400039001432450057001822600055002393000011002946500039003058495977OSt20200421093817.0801223s1967 xx 000 0 dut  a 68099307  aDLCcCarPdDLC00aPA3976.D8bA4 19670 aEuripides10aAlcestis. Dutch [from old catalog]10aAlcestis.bEerste opvoering 438 voor Chr. te Athene, aVertaling: L.bJ. Elferink. ["s-Gravenhage,c1967] ap. cm. 0aAlcestis (Greek mythology)vDrama.